000 00550nam a2200217Ia 4500
003 OSt
005 20220815084907.0
008 220815b |||||||| |||| 00| 0 eng d
020 _a9788122431605
040 _cIFM Library
082 _a657
100 _aMazumdar, Debashis
_97168
245 _aAccounting and Economics
260 _aDelhi:
_c2011
260 _bNew Age International Ltd,
260 _c2011
300 _axxiii ,708p.
_bill. ; 23cm
650 _aAccountsEconomics
_97169
700 _aMitra J. K.
_97170
942 _cBK
_2ddc
_n0
999 _c11951
_d11951